महिलाओ का सोंदर्य और स्वास्थ्य / (Record no. 119201)

MARC details
000 -LEADER
fixed length control field 01134nam a22002537a 4500
005 - DATE AND TIME OF LATEST TRANSACTION
control field 20170124103130.0
010 ## - LIBRARY OF CONGRESS CONTROL NUMBER
LC control number B-197995
020 ## - INTERNATIONAL STANDARD BOOK NUMBER
Terms of availability 200.00
International Standard Book Number 819021893
035 ## - SYSTEM CONTROL NUMBER
System control number B-197995
037 ## - SOURCE OF ACQUISITION
Source of stock number/acquisition Cen Lib/Ret
040 ## - CATALOGING SOURCE
Original cataloging agency DPL
Language of cataloging HN
082 ## - DEWEY DECIMAL CLASSIFICATION NUMBER
Classification number 646.704
Item number शर्मार
100 ## - MAIN ENTRY--PERSONAL NAME
Personal name शर्मा, रजनी
9 (RLIN) 83800
245 ## - TITLE STATEMENT
Title महिलाओ का सोंदर्य और स्वास्थ्य /
Statement of responsibility, etc रजनी शर्मा
246 ## - VARYING FORM OF TITLE
Title proper/short title Mahilaon ka sondarya aur swasthya /
Remainder of title by Rajani Sharma
260 ## - PUBLICATION, DISTRIBUTION, ETC. (IMPRINT)
Place of publication, distribution, etc दिल्ली
Name of publisher, distributor, etc खुराना एंड संस
Date of publication, distribution, etc 2005
270 ## - ADDRESS
City दिल्ली
Address 94, मानक विहार
Postal code 110092
300 ## - PHYSICAL DESCRIPTION
Extent 136पृ.:
Dimensions 19सेमी(सजिल्द )
Other physical details सचित्र
650 ## - SUBJECT ADDED ENTRY--TOPICAL TERM
Topical term or geographic name as entry element स्वास्थ्य और सोंदर्य
General subdivision
Geographic subdivision
9 (RLIN) 83801
650 ## - SUBJECT ADDED ENTRY--TOPICAL TERM
Topical term or geographic name as entry element सौंदर्य और लिबास--महिलाएं
9 (RLIN) 83802
650 ## - SUBJECT ADDED ENTRY--TOPICAL TERM
Topical term or geographic name as entry element Health and grooming of offspring
9 (RLIN) 83803
650 ## - SUBJECT ADDED ENTRY--TOPICAL TERM
Topical term or geographic name as entry element Beauty & CLOTHING - Women
9 (RLIN) 83804
942 ## - ADDED ENTRY ELEMENTS (KOHA)
Source of classification or shelving scheme Dewey Decimal Classification
Koha item type Hindi Books
Classification part 646.704
Call number suffix शर्मार
Holdings
Withdrawn status Lost status Damaged status Not for loan Home library Current library Date acquired Source of acquisition Cost, normal purchase price Total Checkouts Full call number Barcode Date last seen Date checked out Copy number Cost, replacement price Price effective from Koha item type
        Central Library Central Library 16/09/2015 Cen Lib/Ref 200.00 1 646.704 शर्मार B-197995 04/09/2024 27/08/2024 1 200.00 16/09/2015 Hindi Books

© Delhi Public Library
Hit Counter
free hit counter